Curiosity shop : (Record no. 179731)
[ view plain ]
| 000 -LEADER | |
|---|---|
| campo de control de longitud fija | 01345nam a2200349 i 4500 |
| 001 - NÚMERO DE CONTROL | |
| campo de control | 179731 |
| 003 - IDENTIFICADOR DE NÚMERO DE CONTROL | |
| campo de control | ES-MaACL |
| 005 - FECHA Y HORA DE LA ÚLTIMA TRANSACCIÓN | |
| campo de control | 20250825062644.0 |
| 008 - DATOS DE LONGITUD FIJA--INFORMACIÓN GENERAL | |
| campo de control de longitud fija | 120113s2011 sp ap |||| | spa d |
| 020 ## - NÚMERO INTERNACIONAL ESTÁNDAR DEL LIBRO | |
| Número Internacional Estándar del Libro | 978-84-9947-179-2 |
| 040 ## - FUENTE DE CATALOGACIÓN | |
| Centro/agencia transcriptor | ES-MaACL |
| 080 ## - NÚMERO DE LA CLASIFICACIÓN DECIMAL UNIVERSAL | |
| Número de la Clasificación Decimal Universal | 741.5 |
| 100 1# - ENTRADA PRINCIPAL--NOMBRE DE PERSONA | |
| Nombre de persona | Valero, Teresa. |
| 9 (RLIN) | 149055 |
| Término indicativo de función/relación | Autor |
| 245 10 - MENCIÓN DEL TÍTULO | |
| Título | Curiosity shop : |
| Resto del título | 1914, el despertar / |
| Mención de responsabilidad, etc. | guión, Teresa Valero ; dibujo, Montse Martín ; color, Montse Martín & Gabor. |
| 260 ## - PUBLICACIÓN, DISTRIBUCIÓN, ETC. | |
| Lugar de publicación, distribución, etc. | Barcelona : |
| Nombre del editor, distribuidor, etc. | Glénat, |
| Fecha de publicación, distribución, etc. | 2011 |
| Lugar de fabricación/manufactura | (Francia : |
| Fabricante | Pollina) |
| 300 ## - DESCRIPCIÓN FÍSICA | |
| Extensión | 56 páginas : |
| Otras características físicas | todas ilustraciones color ; |
| Dimensiones | 32 cm. |
| 490 1# - MENCIÓN DE SERIE | |
| Mención de serie | Biblioteca gráfica ; |
| Designación de volumen o secuencia | 1 |
| 500 ## - NOTA GENERAL | |
| Nota general | Cronología |
| 599 ## - NOTA A LAS ILUSTRACIONES | |
| Nota | Con ilustraciones del Ateneo de Madrid |
| 610 24 - PUNTO DE ACCESO ADICIONAL DE MATERIA--NOMBRE DE ENTIDAD CORPORATIVA | |
| Nombre de entidad corporativa o nombre de jurisdicción como elemento de entrada | Ateneo de Madrid- |
| Subdivisión de forma | Dibujo. |
| 9 (RLIN) | 155264 |
| 655 #7 - TERMINO DE INDIZACIÓN--GENERO/FORMA | |
| Fuente del término | tgfbne |
| Datos o término principal de género/forma | Cómics |
| 9 (RLIN) | 226827 |
| 655 #7 - TERMINO DE INDIZACIÓN--GENERO/FORMA | |
| Fuente del término | tgfbne |
| Datos o término principal de género/forma | Libros ilustrados |
| 9 (RLIN) | 193653 |
| 700 1# - ENTRADA AGREGADA--NOMBRE PERSONAL | |
| Nombre de persona | Martín, Montse. |
| 9 (RLIN) | 149056 |
| Término indicativo de función/relación | Dibujante |
| 700 1# - ENTRADA AGREGADA--NOMBRE PERSONAL | |
| Nombre de persona | Gabor, |
| Fechas asociadas al nombre | 1977- |
| Término indicativo de función/relación | Dibujante |
| 9 (RLIN) | 149057 |
| 830 ## - PUNTO DE ACCESO ADICIONAL DE SERIE-TÍTULO UNIFORME | |
| Título uniforme | Biblioteca gráfica ; |
| Designación de volumen o secuencia | 1 |
| 9 (RLIN) | 227850 |
| 852 ## - LOCALIZACIÓN | |
| Ubicación | ES-MaACL |
| Sublocalización o colección | R.148130 |
| Ubicación en estantería | Depósito 1 |
| Signatura antigua | Olim: N-4857 |
| Anotaciones manuscritas | Dedicatoria autógrafa de ambas autoras |
| Donativo/Legado | Donación: Teresa Valero y Montse Martín |
| Número de control de estantería | A-11852 |
| itemnumber | 186631 |
| 903 ## - NOMBRE PERSONAL DE DONANTE | |
| 9 | 149055 |
| a | Valero, Teresa |
| e | Donante |
| 903 ## - NOMBRE PERSONAL DE DONANTE | |
| 9 | 149056 |
| a | Martín, Montse |
| e | Donante |
| 942 ## - ELEMENTOS DE ENTRADA SECUNDARIOS (KOHA) | |
| Tipo de ítem Koha | Libro impreso |
| Suprimir en OPAC | No |
| Estatus retirado | Estado de pérdida | Fuente del sistema de clasificación o colocación | Estado de daño | No para préstamo | Colección | Biblioteca de origen | Biblioteca actual | Ubicación en estantería | Fecha de adquisición | Fuente de adquisición | Total de préstamos | Signatura topográfica completa | Código de barras | Visto por última vez | Precio de reemplazo | Tipo de ítem Koha | Nota pública |
|---|---|---|---|---|---|---|---|---|---|---|---|---|---|---|---|---|---|
| Clasificación decimal universal | Libros con dedicatorias | Biblioteca del Ateneo de Madrid | Biblioteca del Ateneo de Madrid | Depósito 1 | 13/01/2012 | Donación | A-11852 | 1188811 | 23/02/2023 | 23/02/2023 | Libro impreso | Dedicatoria autógrafa de las autoras |
